Statystyki dla Quiz o Palestynie

Kliknij tutaj aby rozwiązać quiz!

Ogólne statystyki

  • Ten quiz został rozwiązany 1 027 razy
  • Średni wynik to 9 z 21

Statystyki odpowiedzi

WskazówkaOdpowiedź% Poprawnych
Państwa granicząceIzrael
97%
Państwa granicząceJordania
86%
Proponowana stolica przyszłego państwa palestyńskiegoWschodnia {Jerozolima}
79%
Państwa granicząceEgipt
76%
Miejsce narodzin Jezusa według BibliiBetlejem
75%
Imperium, które kontrolowało Palestynę w latach 1516–1922Imperium {Osmańskie}
74%
Te dwa terytoria tworzą współczesną PalestynęGaza
70%
Państwo, które miało "mandat” do rządzenia Palestyną w latach 1922–1947Wielka Brytania
57%
Te dwa terytoria tworzą współczesną PalestynęZachodni Brzeg
46%
Partia rządząca drugim terytoriumHamas
33%
Starożytne królestwo na obszarze rządzonym przez króla HerodaJudea
31%
Najstarsze miasto w Palestynie i prawdopodobnie na całym świecieJerycho
29%
Prezes OWP w latach 1969–2004Jasir Arafat
26%
Miasto będące de facto stolicą PalestynyRamallah
24%
Mówi się, że ten biblijny patriarcha został pochowany w tym mieścieAbraham
22%
Nazwa meczetu zbudowanego na Wzgórzu Świątynnym około 700 r.Al-{Aksa}
20%
Termin określający gwałtowne powstania palestyńskie, które miały miejsce
w latach 1987–1993 i 2000–2005
Intifada
17%
Najbardziej zaludnione miasto na terytorium kontrolowanym
przez Autonomię Palestyńską
Hebron
16%
Nazwa obszaru w epoce brązuKanaan
15%
Obecny Prezydent Autonomii PalestyńskiejMahmud Abbas
15%
Partia rządząca pierwszym terytoriumFatah
13%

Rozkład punktacji

Percentyl według liczby udzielonych odpowiedzi

Procent ludzi z każdym wynikiem

Twoja historia wyników

Nie rozwiązałeś tego quizu